Disturbed Charting Songs (Billboard Hot 100) - Statistics

General Stats
  • This quiz has been taken 39 times
  • The average score is 3 of 6
Answer Stats
Album Weeks On Peak Song % Correct
Immortalized 20 Weeks #42 The Sound of Silence
84%
Indestructible 1 Week #72 Indestructible
68%
Indestructible 15 Weeks #73 Inside the Fire
48%
Ten Thousand Fists 3 Weeks #95 Stricken
48%
Believe 20 Weeks #58 Prayer
42%
Asylum 1 Week #81 Another Way to Die
26%
No matching quizzes found
Score Distribution
Percent of People with Each Score
Percentile by Number Answered
Your Score History
You have not taken this quiz